[Event "Ufa Kopylov Memorial op"]
[Site "Ufa"]
[Date "2004.10.??"]
[Round "9"]
[White "Darmin, Dmitry"]
[Black "Petryanin, Andrei"]
[Result "1-0"]
[WhiteElo "2177"]
[BlackElo "2131"]
[PlyCount "79"]
[EventDate "2004.10.24"]
[EventType "swiss"]
[EventRounds "9"]
[EventCountry "RUS"]
[SourceTitle "EXT 2006"]
[Source "ChessBase"]
[SourceDate "2005.11.24"]
[SourceVersion "1"]
[SourceVersionDate "2005.11.24"]
[SourceQuality "1"]

1. e4 c5 2. c3 d5 3. exd5 Qxd5 4. d4 e6 5. Nf3 Nf6 6. Na3 Be7 7. Be2 0-0 8. 0-0 cxd4 9. Nb5 Na6 10. Nbxd4 Nc5 11. c4 Qd8 12. b3 a6 13. Bb2 Qc7 14. b4 e5 15. Nc2 Ncd7 16. a3 e4 17. Nfd4 Ne5 18. Ne3 Rd8 19. Qc2 Ng6 20. g3 Bh3 21. Rfd1 Ne5 22. Qc3 Bf8 23. Ndf5 Bxf5 24. Qxe5 Qxe5 25. Bxe5 Be6 26. Bc7 Rd7 27. Rxd7 Bxd7 28. Rd1 Rc8 29. Bb6 Be6 30. c5 g6 31. Bc4 Re8 32. Bxe6 fxe6 33. Rd4 Kf7 34. Nc4 e5 35. Rd1 Ke6 36. Na5 Nd5 37. Nxb7 Nxb6 38. cxb6 Rb8 39. Nc5+ Kf7 40. Nd7 1-0